La persona humana y su crecimiento
Saved in:
| Hovedforfatter: | |
|---|---|
| Format: | Bog |
| Sprog: | spansk |
| Udgivet: |
Pamplona
Eunsa
1999
|
| Udgivelse: | 2a. ed |
| Serier: | Colección Filosófica, 113
|
| Fag: | |
| Tags: |
Tilføj Tag
Ingen Tags, Vær først til at tagge denne postø!
|
MARC
| LEADER | 00000nam a2200000 a 4500 | ||
|---|---|---|---|
| 001 | UCM5725 | ||
| 003 | CL-VaPUC | ||
| 008 | 021018e19990000sp |||||||||||||||||spa|d | ||
| 082 | 0 | 4 | |a 128 |b POL |2 21 |
| 100 | 0 | |a Polo, Leonardo |e author |9 471830 | |
| 245 | 1 | 3 | |a La persona humana y su crecimiento |
| 250 | |a 2a. ed | ||
| 300 | |a 264 p | ||
| 942 | |c BK | ||
| 945 | |d 20021018 00:00:00 |a cmena | ||
| 260 | |a Pamplona |b Eunsa |c 1999 | ||
| 650 | 0 | |a Antropología filosófica |9 265842 | |
| 650 | 0 | |a Naturaleza humana |9 308593 | |
| 650 | 0 | |a Libertad |9 255686 | |
| 650 | 0 | |a Desarrollo Personal |9 390751 | |
| 583 | |a last modification |c 20171010 04:32:38 |k Rodrigo Vera | ||
| 490 | 0 | |a Colección Filosófica, 113 | |
| 999 | |c 301585 |d 301583 | ||
| 952 | |0 0 |1 0 |4 0 |6 128_000000000000000_POL_1999 |7 0 |8 A |9 360757 |a BIBEDU |b BIBEDU |d 2019-11-21 |i 3845761 |o 128 POL 1999 |p 3845761 |r 2019-11-21 |w 2019-11-21 |y BK |k FIL | ||